000 00703nam a2200289Ia 4500
005 20260324132419.0
008 008 260324s9999 xx 000 0 eng d
020 _a9780203644195
037 _aEBOOK
040 _aCRL
040 _beng
040 _cCRL
041 _2eng
041 _aeng
084 _qCRL
100 _aYuko Kikuchi
_91189190
245 0 _aJapanese Modernisation and Mingei Theory
245 0 _bCultural Nationalism and Oriental Orientalism
260 _bTaylor and Francis
260 _c2004
365 _a
365 _b240
856 _uhttp://www.taylorfrancis.com/books/9780203644195
942 _cEBOOK
999 _c1787288
_d1787288